| Tag |
First Indicator |
Second Indicator |
Subfields |
| LEADER |
00000cam a22000001 4500 |
| 001 |
in00001007452 |
| 005 |
20150927222208.0 |
| 008 |
760107s1964 oncab 00000 eng |
| 010 |
|
|
|a 67007817
|
| 035 |
|
|
|a (OCoLC)01681575
|
| 035 |
|
|
|9 AFD9419AM
|
| 040 |
|
|
|a DLC
|c WRJ
|d DLC
|d TXA
|d UtOrBLW
|
| 043 |
|
|
|a r------
|
| 049 |
|
|
|a TXAM
|
| 050 |
0 |
0 |
|a G608
|b .U5
|
| 245 |
0 |
4 |
|a The Unbelievable land ;
|b 29 experts bring us closer to the Arctic /
|c edited by I. Norman Smith. Foreword by Georges Vanier; conclusion by R. Gordon Robertson.
|
| 264 |
|
1 |
|a [Ottawa] :
|b Published by the Queen's Printer for the Dept. of Northern Affairs and National Resources and the Northern Service of the Canadian Broadcasting Corp.,
|c [1964]
|
| 300 |
|
|
|a xiii, 140 pages :
|b illustrations, color maps (on lining papers) ;
|c 22 cm.
|
| 336 |
|
|
|a text
|b txt
|2 rdacontent
|
| 337 |
|
|
|a unmediated
|b n
|2 rdamedia
|
| 338 |
|
|
|a volume
|b nc
|2 rdacarrier
|
| 500 |
|
|
|a Essays originally written as radio talks ... broadcast over the Northern Service of the Canadian Broadcasting Corporation under the title 'As a matter of fact.
|
| 651 |
|
0 |
|a Arctic regions.
|
| 700 |
1 |
|
|a Smith, I. Norman
|q (Irving Norman),
|d 1909-
|
| 710 |
2 |
|
|a Canadian Broadcasting Corporation.
|b Northern Québec Service.
|
| 740 |
0 |
|
|a As a matter of fact.
|
| 999 |
|
|
|a MARS
|
| 999 |
f |
f |
|s ed75f73f-08c9-3756-8458-acd6bd38a3fd
|i bb6ae1c2-9164-3ac7-af4f-7ba3d3942504
|t 0
|
| 952 |
f |
f |
|p ric
|a Texas A&M University
|b Rellis Campus
|c Joint Library Facility
|d Remote Storage
|t 0
|e G608 .U5
|h Library of Congress classification
|i unmediated -- volume
|m A14814343645
|
| 998 |
f |
f |
|a G608 .U5
|t 0
|l Remote Storage
|